| 000 | 00456nam a2200169 a 4500 | ||
|---|---|---|---|
| 001 | 0000-9067 | ||
| 003 | ELIB.Books | ||
| 008 | 110520 1957 | ||
| 035 | _a(ELIB.Books)0000-9216 | ||
| 082 |
_a225.7 _bTas |
||
| 100 | _aTasker, R. V. G. | ||
| 245 | _aJames (The General Epistle of James) | ||
| 260 |
_bLondon: Inter-Varsity Press _c1957 |
||
| 650 | _aCommentaries | ||
| 942 |
_2ddc _cBK |
||
| 998 |
_cbat _e2011-05-20 _mcat _u2018-12-03 |
||
| 999 |
_c9067 _d9067 |
||